| 000 | 00478nam a22001817a 4500 | ||
|---|---|---|---|
| 003 | OSt | ||
| 005 | 20151016134202.0 | ||
| 008 | 130610s1997 sp ||||| |||| 00| 0 cat d | ||
| 040 | _cCDMR | ||
| 100 | 1 |
_9213 _aMaduell, Àlvar |
|
| 245 | 1 | 0 |
_aTelevisió catalana abans de TV3 _cÀlvar Maduell |
| 260 |
_aBarcelona _bTeià _c1997 |
||
| 300 | _a166 p. | ||
| 490 | 0 |
_aMaduixer _v4 |
|
| 650 | 0 | 4 |
_93127 _aTelevisió _zCatalunya |
| 610 | 2 |
_9446 _aTelevisió de Catalunya |
|
| 942 |
_2udc _cMON |
||
| 999 |
_c6426 _d6426 |
||